书目信息 |
| 题名: |
装饰材料与施工工艺
|
|
| 作者: | 张嘉琳 , 郭东兴 | |
| 分册: | ||
| 出版信息: | 广州 华南理工大学出版社 2005.03 |
|
| 页数: | 189页 | |
| 开本: | 26cm | |
| 丛书名: | 室内设计与建筑装饰丛书 | |
| 单 册: | ||
| 中图分类: | TU56 | |
| 科图分类: | ||
| 主题词: | 工程施工--gong cheng shi gong--建筑装饰 , 建筑材料--jian zhu cai liao--装饰材料 | |
| 电子资源: | ||
| ISBN: | 7-5623-2165-5 | |
| 000 | 01305nam 2200349 450 | |
| 001 | CAL 012005046966 | |
| 005 | 20050609173456.08 | |
| 010 | @a7-5623-2165-5@dCNY 22.00 | |
| 092 | @aCN@b0001701-278 | |
| 099 | @aCAL 012005046966 | |
| 100 | @a20050331d2005 ekmy0chiy0121 ea | |
| 101 | 0 | @achi |
| 102 | @aCN@b440000 | |
| 105 | @aak a 000yy | |
| 200 | 1 | @a装饰材料与施工工艺@Azhuang shi cai liao yu shi gong gong yi@f郭东兴, 张嘉琳@Fguo dong xing,zhang jia lin |
| 210 | @a广州@c华南理工大学出版社@d2005.03 | |
| 215 | @a189页@c图@d26cm | |
| 225 | 2 | @a室内设计与建筑装饰丛书@Ashi nei she ji yu jian zhu zhuang shi cong shu |
| 320 | @a有书目 (第189页) | |
| 330 | @a本书分为建筑装饰材料和装饰施工工艺两篇,第一篇介绍了各种建筑装饰材料的组成和规格、基本性能、传统品种和新型品种、使用场合等;第二篇介绍了地面装饰工程、室内轻质间墙工程、墙柱面装饰工程等。 | |
| 333 | @a读者对象:从事室内设计、装修工作人员。 | |
| 410 | 0 | @12001 @a室内设计与建筑装饰丛书 |
| 606 | 0 | @a工程施工@Agong cheng shi gong@x建筑装饰 |
| 606 | 0 | @a建筑材料@Ajian zhu cai liao@x装饰材料 |
| 690 | @aTU56@v4 | |
| 700 | 0 | @4编 |
| 701 | 0 | @a张嘉琳@Azhang jia lin |
| 701 | 0 | @a郭东兴@Aguo dong xing |
| 801 | 0 | @aCN@b北京图书大厦@c20050609 |
| 905 | @a10447@dTU56@eG790 | |
| 906 | @dCNY22.00@n0@r1 | |
| 998 | @aBJP | |
| 装饰材料与施工工艺/郭东兴, 张嘉琳.-广州:华南理工大学出版社,2005.03 |
| 189页:图;26cm.-(室内设计与建筑装饰丛书) |
| 使用对象:读者对象:从事室内设计、装修工作人员。 |
| ISBN 7-5623-2165-5:CNY 22.00 |
| 本书分为建筑装饰材料和装饰施工工艺两篇,第一篇介绍了各种建筑装饰材料的组成和规格、基本性能、传统品种和新型品种、使用场合等;第二篇介绍了地面装饰工程、室内轻质间墙工程、墙柱面装饰工程等。 |
| ● |
| 相关链接 |
|
|
|
正题名:装饰材料与施工工艺
索取号:TU56/G790
 
预约/预借
| 序号 | 登录号 | 条形码 | 馆藏地/架位号 | 状态 | 备注 |
| 1 | 531808 | 205318084 | 建筑库201/201建筑库 9排3列4层/ [索取号:TU56/G790] | 在馆 | |
| 2 | 531809 | 205318093 | 建筑库201/201建筑库 9排3列4层/ [索取号:TU56/G790] | 在馆 | |
| 3 | 531810 | 205318100 | 建筑库201/201建筑库 9排3列4层/ [索取号:TU56/G790] | 在馆 | |
| 4 | 531811 | 205318119 | 建筑库201/201建筑库 9排3列4层/ [索取号:TU56/G790] | 在馆 | |
| 5 | 531812 | 205318128 | 建筑库201/201建筑库 9排3列4层/ [索取号:TU56/G790] | 在馆 |